RISING TO THE CHALLENGE MY LEADERSHIP JO (Record no. 30631)

MARC details
000 -LEADER
fixed length control field 00343nam a2200133Ia 4500
008 - FIXED-LENGTH DATA ELEMENTS--GENERAL INFORMATION
fixed length control field 240624s9999 xx 000 0 und d
041 ## - LANGUAGE CODE
Language code of text/sound track or separate title eng
082 ## - DEWEY DECIMAL CLASSIFICATION NUMBER
Classification number 658.4092 FIO
100 ## - MAIN ENTRY--PERSONAL NAME
Personal name FIORINA CARLY
245 ## - TITLE STATEMENT
Title RISING TO THE CHALLENGE MY LEADERSHIP JO
260 ## - PUBLICATION, DISTRIBUTION, ETC.
Date of publication, distribution, etc. 2015
Place of publication, distribution, etc. New York
Name of publisher, distributor, etc. Sentinel
300 ## - PHYSICAL DESCRIPTION
Extent vii, 198 p.; 23 cm.
365 ## - TRADE PRICE
Currency code
Price amount 38
Holdings
Withdrawn status Lost status Damaged status Not for loan Home library Current library Shelving location Date acquired Cost, normal purchase price Full call number Barcode Date last seen Copy number Price effective from Koha item type
        IMTN IMTN Rack 30-B 04/17/2018 26.95 658.4092 FIO 30631 06/24/2024 68.3 06/24/2024 Books
Designed & Maintained by: LRC IMT Nagpur Contact: lrc@imtnag.ac.in© 2024. All Rights Reserved.